000 00323nam a2200133Ia 4500
005 20260328104318.0
008 260328s9999||||xx |||||||||||||| ||und||
100 _aJodidio, Philip
245 0 _aGreen Architecture Now /
_cPhilip Jodidio
260 _bTaschen
300 _a320 p.
650 _aARQUITECTURA
942 _cBK
999 _c11250
_d11250